| 000 | 00389nam a22001337a 4500 | ||
|---|---|---|---|
| 082 |
_a948.97032 _bLAN _cL-30 II, P-130 |
||
| 100 |
_aLangdon-Devies, John _946326 |
||
| 245 | _aFinland the first total war/ | ||
| 260 |
_aLondon: _bGeorge Routledge & Sons, Ltd. _cc1940 |
||
| 300 |
_a202p,; _bill,: _c19cm |
||
| 526 |
_a0 _b0 _c0 _d948_970320000000000_LAN |
||
| 650 |
_aMCE _9379 |
||
| 942 |
_2ddc _cBK |
||
| 999 |
_c549683 _d549683 |
||